00284cam a2200109Ia 4500020001700000040000800017082002600025100001800051245005700069260002800126300002000154 a2213025665 : cFNR a937 FAY 1990 A101 Or.1 aCizek, Eugen,10aMentalit©♭s et institutions politiques romaines / aParis :bFayard,cc1990 a400 p. ;c24 cm